| 000 | 00905cam a2200229 4500 | ||
|---|---|---|---|
| 001 | WB3734-26 | ||
| 008 | 010910n2001 000 0 eng u | ||
| 035 | _a(Sirsi) u114503 | ||
| 245 | _aMasts decision overruled | ||
| 260 | _c2001 | ||
| 490 |
_aPlanning (for the Natural and Built Environment) _v(1434) 31 August 2001, 3(1) |
||
| 520 | _aStephen Byers has overturned a landmark planning decision by a planning inspector to refuse permission for mobile phone masts on the grounds of health concerns. The inspector's decision was deemed contrary to government policy outlined in the revised PPG8. | ||
| 590 | _aWB | ||
| 650 | _aMOBILE PHONE MASTS | ||
| 650 | _aHEALTH HAZARDS | ||
| 650 | _aTELECOMMUNICATIONS | ||
| 650 | _aPPG8 | ||
| 650 | _aPLANNING PERMISSION | ||
| 650 | _aPLANNING POLICY GUIDANCE | ||
| 690 | _aENVIRONMENTAL AND LAND CONSULTANCY-PLANNING AND DEVELOPMENT | ||
| 942 | _n0 | ||
| 999 |
_c68218 _d68218 |
||